000
00329nam a2200133Ia 4500
008
240624s9999 xx 000 0 und d
041
_a
eng
082
_a
828 PAT
100
_a
PATTANAIK DEVDUTT
245
_a
FUN IN DEVLOK OMNIBUS
260
_c
2014
_a
New Delhi
_b
Puffin Books
300
_a
301 : p. : cm. ; 20
365
_c
RS
_b
30
999
_c
26827
_d
26827